000 00318nam a22001331a 4500
082 _aH3 MIS SUJ
_bM84
100 _aMittilesh Kumari Misra
245 _aSujaan/
_cby Mittilesh Kumari Misra
260 _aPatna:
_bVani Vattika,
_c1984.
300 _a136p.
650 _aNovel Hindi
650 _aLiterature
942 _cBK
999 _c45286
_d45286